| 000 | 00681nam a2200205 i 4500 | ||
|---|---|---|---|
| 001 | 102387 | ||
| 003 | ES-MaACL | ||
| 005 | 20230906183111.0 | ||
| 007 | t| | ||
| 008 | 051110s1951 ag ||||1| spa d | ||
| 100 | 1 |
_aMenninger, Karl. _980371 |
|
| 245 | 1 | 0 |
_aAmor contra odio / _cKarl Menninger; con la colaboración de Jeanetta Lyle Menninger; [traducción directa por el Dr. Jaime Tomás]. |
| 260 |
_aBuenos Aires : _bEdit. Nova, _c1951. |
||
| 300 |
_a335 p. ; _c21 cm. |
||
| 490 | 1 | _aEl árbol de la ciencia | |
| 700 | 1 |
_aMenninger, Jeanetta Lyle. _980370 |
|
| 830 | 0 |
_aEl árbol de la ciencia _9184635 |
|
| 852 |
_aES-MaACL _jD-7840 _bR.31709 |
||
| 999 |
_c102387 _d102387 |
||